Tratados de Chile: textos y estado de tramitación durante el semestre

Uloženo v:
Podrobná bibliografie
Korporativní autor: Ministerio de Relaciones Exteriores (Autor)
Médium: Kniha
Jazyk:španělština
Vydáno: Santiago Ministerio de Relaciones Exteriores 1978
Témata:
Tagy: Přidat tag
Žádné tagy, Buďte první, kdo vytvoří štítek k tomuto záznamu!

MARC

LEADER 00000nam a2200000 a 4500
001 UCT9402
003 CL-VaPUC
008 970404e19780000CL |||||||||||||||||spa|d
082 0 4 |a 341.026  |b MIN  |2 21 
110 2 |a Ministerio de Relaciones Exteriores  |e author  |9 382053 
245 1 0 |a Tratados de Chile: textos y estado de tramitación durante el semestre 
300 |a 115 p 
942 |c BK 
945 |d 19970404 00:00:00  |a paguirre 
260 |a Santiago  |b Ministerio de Relaciones Exteriores  |c 1978 
500 |a Segundo semestre N§ 2 
650 0 |a Tratados internacionales   |9 256056 
650 0 |a Alianzas  |9 349596 
650 0 |a Relaciones Internacionales  |9 255740 
650 0 |a Cooperación internacional  |9 255447 
651 7 |a CHILE  |2 CL-VaPUC  |9 382054 
583 |a last modification  |c 19970404 00:00:00  |k Rodrigo Vera 
999 |c 257803  |d 257801 
952 |0 0  |1 0  |4 0  |6 341_026000000000000_MIN_1978  |7 0  |8 A  |9 281469  |a BIBDER  |b BIBDER  |d 2019-11-19  |i 1824511  |l 1  |o 341.026 MIN 1978  |p 1824511  |r 2024-10-22  |s 2024-10-22  |w 2019-11-19  |y BK  |k DER